Využívanie zákona rozdeľovania podľa práce v podmienkach ekonomiky ČSSR
Na minha lista:
| Autor principal: | |
|---|---|
| Outros Autores: | |
| Formato: | Livro |
| Idioma: | eslovaco |
| Publicado em: |
Bratislava
Výskumný ústav sociálneho rozvoja a práce
1988
|
| Colecção: | Výskumné práce VÚSRP
9/1988 |
| Tags: |
Sem tags, seja o primeiro a adicionar uma tag!
|
MARC
| LEADER | 00000nam a2200000 4500 | ||
|---|---|---|---|
| 001 | c037967 | ||
| 005 | 20240419070051.9 | ||
| 041 | 0 | |a slo | |
| 044 | |a SK | ||
| 245 | 1 | 0 | |a Využívanie zákona rozdeľovania podľa práce v podmienkach ekonomiky ČSSR |c Vilma Juríčková, Erika Miškeová |
| 264 | 1 | |a Bratislava |b Výskumný ústav sociálneho rozvoja a práce |c 1988 | |
| 300 | |a 77 s. | ||
| 490 | 1 | |a Výskumné práce VÚSRP |v 9/1988 | |
| 830 | 0 | |a Výskumné práce VÚSRP |v 9/1988 | |
| 100 | 1 | |a Juríčková, Vilma | |
| 700 | 1 | |a Miškeová, Erika | |